|
|
|
|
| LEADER |
01234nam a22003612i 4500 |
| 001 |
001507166 |
| 003 |
CZ BrMZK |
| 005 |
20160525125426.0 |
| 007 |
ta |
| 008 |
160125s1986 xo a er|||||||||||slo d |
| 040 |
|
|
|a ABA001
|b cze
|c ABA001
|d ABA001
|d BOA001
|e rda
|
| 072 |
|
7 |
|a 821.162.4
|x Slovenská literatura
|2 Konspekt
|9 25
|
| 080 |
|
|
|a (0.025.2)
|2 MRF
|
| 080 |
|
|
|a 821-93
|2 MRF
|
| 080 |
|
|
|a 821.162.4-1
|2 MRF
|
| 080 |
9 |
|
|a 084.1(02.053.2)
|
| 100 |
1 |
|
|a Štrasser, Ján,
|d 1946-
|7 jn20000605253
|4 aut
|
| 245 |
1 |
0 |
|a Trúbi auto za nami /
|c Ján Štrasser ; ilustroval Jozef Jaňák
|
| 250 |
|
|
|a 1. vydanie
|
| 264 |
|
1 |
|a Bratislava :
|b Mladé letá,
|c 1986
|
| 300 |
|
|
|a 12 nečíslovaných stran :
|b ilustrace
|
| 336 |
|
|
|a text
|b txt
|2 rdacontent
|
| 337 |
|
|
|a bez média
|b n
|2 rdamedia
|
| 338 |
|
|
|a svazek
|b nc
|2 rdacarrier
|
| 521 |
8 |
|
|a Určeno pro nejmenší
|
| 655 |
|
7 |
|a slovenská poezie
|7 fd183397
|2 czenas
|
| 655 |
|
7 |
|a publikace pro děti
|7 fd133156
|2 czenas
|
| 655 |
|
7 |
|a leporela
|7 fd132727
|2 czenas
|
| 700 |
1 |
|
|a Jaňák, Jozef,
|d 1947-
|7 mzk2004226314
|4 ill
|
| 910 |
|
|
|a BOA001
|b M2-0912.857
|
| 990 |
|
|
|a BK
|
| 991 |
|
|
|b 201601
|
| 996 |
7 |
|
|b 2619119063
|c M2-0912.857
|l MZK
|r Sklad / do 24 hodin
|n 0
|w 001542236
|u 000010
|a 1
|e BOA001
|j MZK50
|s A
|